000
00268nam a22001217a 4500
999
_c
13870
_d
13870
020
_a
978-1250301697
082
_a
823.92
100
_a
Alex Michaelides
245
_a
The Silent Patient
260
_a
New York
_b
Celadon Books
_c
2019
300
_a
336 pages
942
_c
BK